000 00360nam a2200133Ia 4500
008 231129s1973||||xx |||||||||||||| ||spa||
040 _bspa
082 _a986.1 R696e
100 _aRodriguez Acosta Hugo
245 0 _aElementos criticos para una nueva interpretacion de la historia colombiana
260 _c1973
264 _aTupac-Amaru
942 _2ddc
_cBKS
999 _c12751
_d12751